Noncommutative mathematics for quantum systems
Αποθηκεύτηκε σε:
| Κύριοι συγγραφείς: | , |
|---|---|
| Μορφή: | Βιβλίο |
| Γλώσσα: | English |
| Δημοσίευση: |
Delhi, India :
Cambridge University Press,
2016.
|
| Σειρά: | Cambridge - IISc series
|
| Θέματα: | |
| Ετικέτες: |
Προσθήκη ετικέτας
Δεν υπάρχουν, Καταχωρήστε ετικέτα πρώτοι!
|
MARC
| LEADER | 00000nam a2200000 a 4500 | ||
|---|---|---|---|
| 001 | 1/115916 | ||
| 008 | 180213t2016####ii | ||| |||| ||eng|| | ||
| 020 | |a 9781107148055 |q (hardback) | ||
| 040 | |a GR-MyUa |b gre |c GR-MyUa |e AACR2 | ||
| 041 | 0 | |a eng | |
| 082 | 7 | |a 530.133 |2 (23) | |
| 100 | 1 | |a Franz, Uwe. | |
| 245 | 1 | 0 | |a Noncommutative mathematics for quantum systems / |c Uwe Franz, Adam Skalski. |
| 260 | |a Delhi, India : |b Cambridge University Press, |c 2016. | ||
| 300 | |a xviii, 180 σ. : |b εικ. ; |c 24 εκ. | ||
| 490 | 1 | |a (Cambridge - IISc series) | |
| 504 | |a Περιέχει βιβλιογραφικές αναφορές και ευρετήριο. | ||
| 650 | 0 | |a Probabilities. | |
| 650 | 0 | |a Quantum theory. | |
| 650 | 0 | |a Potential theory (Mathematics) | |
| 700 | 1 | |a Skalski, Adam |d 1978- |e aut | |
| 830 | 0 | |a Cambridge - IISc series | |
| 852 | |a INST |b SAMOS |e 20180213 |h 530.133 FRA |p 005300045218 |q 005300045218 |t BK |y 0 | ||
| 852 | |a INST |b SAMOS |e 20190528 |h 530.133 FRA |p 005300045995 |q 005300045995 |t BK |y 0 | ||
| 922 | |a 3ΕΛΗ |b 2017-12 |c Μεταπτυχιακό / Τμήμα Μαθηματικών |d Liberal Books | ||
| 922 | |a 3ΕΛΗ |b 2018-12 |c Μεταπτυχιακό / Τμήμα Μαθηματικών |d Bookpath | ||
| 970 | |a Γουβάλα |b Βάσω |z 13-2-2018 | ||